Statistics for Yellow Submarine - The Beatles Lyrics

Click here to take the quiz!

General Stats

  • This quiz has been taken 759 times
  • The average score is 140 of 161

Answer Stats

Answer% Correct
In
100%
in
100%
I
100%
submarine
99%
a
99%
we
98%
yellow
98%
live
98%
all
97%
the
97%
sea
91%
to
88%
man
87%
and
87%
was
87%
where
86%
who
85%
of
85%
born
85%
lived
84%
sailed
83%
he
83%
town
82%
us
78%
land
76%
life
76%
told
76%
his
75%
our
73%
green
70%
so
67%
waves
65%
beneath
62%
are
62%
friends
60%
on
60%
submarines
59%
sun
58%
door
57%
next
57%
them
56%
play
55%
band
55%
more
55%
begins
54%
blue
53%
found
53%
sky
50%
board
49%
need
48%
ease
42%
till
42%
up
41%
has
39%
everyone
37%
as
32%

Score Distribution

Percentile by Number Answered

Percent of People with Each Score

Your Score History

You have not taken this quiz